000 00357nam a2200133Ia 4500
008 240624s9999 xx 000 0 und d
041 _aeng
082 _a339.5 BRO
100 _aBROWN BRENDAN
245 _aGLOBAL CURSE OF THE FEDERAL RESERVE HOW
260 _c2013
_aNew York
_bPalgrave Macmillan
300 _axi, : 228 : p. : cm. ; 21
365 _cGBP
_b50
999 _c27335
_d27335